<?xml version="1.0" encoding="UTF-8"?>
<record
    xmlns:xsi="http://www.w3.org/2001/XMLSchema-instance"
    xsi:schemaLocation="http://www.loc.gov/MARC21/slim http://www.loc.gov/standards/marcxml/schema/MARC21slim.xsd"
    xmlns="http://www.loc.gov/MARC21/slim">

  <leader>00615nam a2200193Ia 4500</leader>
  <controlfield tag="001">64921</controlfield>
  <controlfield tag="003">OSt</controlfield>
  <controlfield tag="005">20160404115409.0</controlfield>
  <controlfield tag="008">150303s9999    xx            000 0 und d</controlfield>
  <datafield tag="020" ind1=" " ind2=" ">
    <subfield code="a">NA</subfield>
  </datafield>
  <datafield tag="040" ind1=" " ind2=" ">
    <subfield code="c">PK-LaUMT</subfield>
  </datafield>
  <datafield tag="082" ind1=" " ind2=" ">
    <subfield code="a"> 320.95491</subfield>
    <subfield code="b">WAJ-N</subfield>
  </datafield>
  <datafield tag="100" ind1=" " ind2=" ">
    <subfield code="a">Wajid Rizvi, Syed</subfield>
  </datafield>
  <datafield tag="245" ind1=" " ind2=" ">
    <subfield code="a">(&#x646;&#x638;&#x631;&#x6CC;&#x6C1; &#x67E;&#x627;&#x6A9;&#x633;&#x62A;&#x627;&#x646; &#x60C; &#x627;&#x633;&#x627;&#x633; &#x648; &#x646;&#x641;&#x627;&#x630;)Nazriya-e-Pakistan, asas-o-nafaz (Urdu)</subfield>
    <subfield code="c">(&#x648;&#x627;&#x62C;&#x62F;&#x60C; &#x631;&#x636;&#x648;&#x6CC;&#x60C; &#x633;&#x6CC;&#x62F;)Wajid Rizvi, Syed</subfield>
  </datafield>
  <datafield tag="260" ind1=" " ind2=" ">
    <subfield code="a">(&#x644;&#x627;&#x6C1;&#x648;&#x631;&#x60C;&#x67E;&#x627;&#x6A9;&#x633;&#x62A;&#x627;&#x646;)Lahore,Pakistan:</subfield>
    <subfield code="b">(&#x645;&#x642;&#x628;&#x648;&#x644; &#x627;&#x6A9;&#x6CC;&#x62F;&#x645;&#x6CC;)Maqbool Academy,</subfield>
    <subfield code="c">2012</subfield>
  </datafield>
  <datafield tag="300" ind1=" " ind2=" ">
    <subfield code="a">108 p.</subfield>
  </datafield>
  <datafield tag="546" ind1=" " ind2=" ">
    <subfield code="a">UR</subfield>
  </datafield>
  <datafield tag="942" ind1=" " ind2=" ">
    <subfield code="c">BK</subfield>
    <subfield code="2">ddc</subfield>
  </datafield>
  <datafield tag="999" ind1=" " ind2=" ">
    <subfield code="c">66965</subfield>
    <subfield code="d">66965</subfield>
  </datafield>
  <datafield tag="952" ind1=" " ind2=" ">
    <subfield code="0">0</subfield>
    <subfield code="1">0</subfield>
    <subfield code="4">0</subfield>
    <subfield code="7">0</subfield>
    <subfield code="a">01</subfield>
    <subfield code="b">01</subfield>
    <subfield code="d">2015-03-03</subfield>
    <subfield code="l">0</subfield>
    <subfield code="o"> 320.95491 WAJ-N</subfield>
    <subfield code="p">89043</subfield>
    <subfield code="r">2015-03-03 00:00:00</subfield>
    <subfield code="w">2015-03-03</subfield>
    <subfield code="y">BK</subfield>
  </datafield>
</record>
